000 01305naa a22002897a 4500
001 BR8802154
003 BR-BrBNA
005 20240918180001.0
007 ta
008 230509b bl.||||| |||| 00| 0 por d
040 _aBR-BrBNA
_bpor
_cBiblioteca Nacional de Agricultura
041 _a(Pt)
072 _aF30; F63
_b3347
090 _aF30 BR8802154
100 1 _aLopes, L.C.
100 1 _aBarbosa, J.G.
111 1 _a4. Congresso Brasileiro de Floricultura e Plantas Ornamentais
_cRio de Janeiro, RJ (Brazil)
_d3-8 Oct 1983
245 1 _aRelacao entre o tamanho do bulbo-semente e producao de flores e bulbos de gladiolo cv "Peters pears"
260 3 _aBrasilia, DF (Brasil):
_bEmpresa Brasileira de Pesquisa Agropecuaria, Departamento de Difusao de Tecnologia,
_c1984.
500 _aAnais do 4. Congresso Brasileiro de Floricultura e Plantas Ornamentais Brasilia, DF (Brasil): Empresa Brasileira de Pesquisa Agropecuaria, Departamento de Difusao de Tecnologia, 1984. p. 161-164 (BR8802154-AM)F30
650 _aGLADIOLO
650 _aVARIEDADE
650 _aFISIOLOGIA REPRODUTIVA
773 0 _tAnais do 4. Congresso Brasileiro de Floricultura e Plantas Ornamentais
_wF30 BR8802154
_gBrasilia, DF (Brasil), 1984. p. 161-164
909 _a202404
_bLucia
_c55
_dLucia Elande
942 _cAM
_2AGRIS
999 _c319117
_d319117